[Event "79th NED-ch"]
[Site "Utrecht NED"]
[Date "2024.07.06"]
[Round "1.1"]
[White "Warmerdam, Max"]
[Black "Vrolijk, Liam"]
[Result "1-0"]
[WhiteElo "2663"]
[BlackElo "2532"]
[EventDate "2024.07.06"]
[PlyCount "65"]

1.c4 e5 2.d3 Nf6 3.Nf3 Nc6 4.a3 d5 5.cxd5 Nxd5 6.e4 Nb6 7.Be2 Be7 8.O-O 
O-O 9.Be3 Qd6 10.Nbd2 Nd4 11.Nb3 Nxe2+ 12.Qxe2 Bg4 13.Rfd1 Nd7 14.Rac1 Qe6
15.Rc3 b6 16.d4 exd4 17.Nbxd4 Qxe4 18.Rxc7 Bd6 19.Qc2 Qxc2 20.Rxc2 Ne5 21.
Nc6 Bxf3 22.gxf3 Nxf3+ 23.Kh1 Bb8 24.Rd7 Ne5 25.Ne7+ Kh8 26.Rb7 Ng4 27.Bd4
Bxh2 28.Re2 Bb8 29.Nf5 Nf6 30.Ree7 Kg8 31.Re1 Re8 32.Rg1 Be5 33.Nh6+ 1-0

[Event "79th NED-ch"]
[Site "Utrecht NED"]
[Date "2024.07.07"]
[Round "1.2"]
[White "Vrolijk, Liam"]
[Black "Warmerdam, Max"]
[Result "0-1"]
[WhiteElo "2532"]
[BlackElo "2663"]
[EventDate "2024.07.06"]
[PlyCount "96"]

1.c4 e6 2.Nc3 d5 3.d4 Nf6 4.cxd5 exd5 5.Bg5 Be7 6.e3 O-O 7.Bd3 Re8 8.Nge2 
Nbd7 9.O-O c6 10.a4 a5 11.Rc1 Nf8 12.Qc2 Ng6 13.Ng3 Bd7 14.Nb1 Bd6 15.Bf5 
Bxg3 16.fxg3 Bxf5 17.Rxf5 Qe7 18.Rf3 Qe4 19.Bxf6 Qxc2 20.Rxc2 gxf6 21.Nd2 
Nf8 22.Nf1 Nd7 23.g4 Re6 24.Ng3 Kf8 25.Nf5 Nb6 26.b3 Nc8 27.Rcf2 Ra6 28.
Rh3 Ne7 29.Nxe7 Rxe7 30.Rxf6 Kg8 31.Rfh6 Rb6 32.Rxh7 Rxb3 33.Rh8+ Kg7 34.
R3h7+ Kg6 35.h4 Rbxe3 36.Kh2 b5 37.h5+ Kg5 38.Rg7+ Kh4 39.Rgg8 R7e4 40.
axb5 cxb5 41.g5 Rg4 42.g6 f5 43.Re8 Rxe8 44.g3+ Kg5 45.g7 Kf6 46.h6 Re2+ 
47.Kh3 Rxg7 48.hxg7 Kxg7 0-1

[Event "79th NED-ch"]
[Site "Utrecht NED"]
[Date "2024.07.06"]
[Round "1.1"]
[White "Timman, Jan"]
[Black "l`Ami, Erwin"]
[Result "1/2-1/2"]
[WhiteElo "2527"]
[BlackElo "2635"]
[EventDate "2024.07.06"]
[PlyCount "55"]

1.d4 Nf6 2.c4 e6 3.Nc3 Bb4 4.e3 O-O 5.Bd3 d5 6.Nf3 c5 7.O-O Nc6 8.a3 Bxc3 
9.bxc3 dxc4 10.Bxc4 Qc7 11.Bd3 e5 12.Qc2 Re8 13.Nxe5 Nxe5 14.dxe5 Qxe5 15.
f3 Bd7 16.e4 c4 17.Be2 Qc5+ 18.Kh1 b5 19.Rd1 Bc6 20.Rd4 Nd7 21.a4 a6 22.
Ba3 Qb6 23.Rb1 Qa7 24.Rd6 Rec8 25.Bc1 Qc7 26.Ba3 Qa7 27.Bc1 Qc7 28.Ba3 
1/2-1/2

[Event "79th NED-ch"]
[Site "Utrecht NED"]
[Date "2024.07.07"]
[Round "1.2"]
[White "l`Ami, Erwin"]
[Black "Timman, Jan"]
[Result "1/2-1/2"]
[WhiteElo "2635"]
[BlackElo "2527"]
[EventDate "2024.07.06"]
[PlyCount "135"]

1.d4 Nf6 2.c4 e6 3.Nf3 b6 4.g3 Bb7 5.Bg2 Be7 6.O-O O-O 7.Re1 d5 8.cxd5 
exd5 9.Nc3 Na6 10.Bf4 c5 11.e3 Nc7 12.Qc2 Ne6 13.Rad1 Qc8 14.Be5 Rd8 15.h4
h6 16.Qf5 g6 17.Qb1 Ng4 18.h5 gxh5 19.Bh3 Bc6 20.Ne2 Bd7 21.Bg2 Be8 22.Nf4
Nxf4 23.Bxf4 Bd7 24.e4 Bf6 25.Ne5 Be6 26.exd5 Bxd5 27.Bxd5 Rxd5 28.Qe4 Qe6
29.dxc5 Rxd1 30.Rxd1 Re8 31.Nxg4 hxg4 32.Qxe6 Rxe6 33.b4 bxc5 34.bxc5 Be7 
35.Be3 Rc6 36.Rd5 f6 37.Rd4 h5 38.Rd5 Kf7 39.Rxh5 Ra6 40.Rh4 Rxa2 41.Rxg4 
Rc2 42.Ra4 Bxc5 43.Bxc5 Rxc5 44.Rxa7+ Kg6 45.Kg2 Rc2 46.Ra5 f5 47.Rd5 Ra2 
48.Kf3 Ra4 49.Rd2 Kg5 50.Kg2 Ra1 51.f3 Kg6 52.Rd6+ Kf7 53.Kf2 Ra3 54.Ke2 
Rb3 55.Rd3 Rb4 56.Ke3 f4+ 57.gxf4 Kf6 58.Rd4 Rb1 59.Rd6+ Kf5 60.Rd5+ Kf6 
61.Ra5 Rb2 62.Ra8 Rb4 63.Rf8+ Ke7 64.Rf5 Ra4 65.Kf2 Ke6 66.Re5+ Kf6 67.Kg3
Ra1 68.Rb5 1/2-1/2

[Event "79th NED-ch"]
[Site "Utrecht NED"]
[Date "2024.07.07"]
[Round "1.3"]
[White "Timman, Jan"]
[Black "l`Ami, Erwin"]
[Result "0-1"]
[WhiteElo "2527"]
[BlackElo "2635"]
[EventDate "2024.07.06"]
[PlyCount "112"]

1.Nf3 d5 2.g3 Nc6 3.d4 g6 4.Bg2 Bg7 5.O-O Nf6 6.Bf4 O-O 7.c3 b6 8.Nbd2 Bb7
9.Ne5 Nh5 10.Nxc6 Bxc6 11.Be3 Qd7 12.Nf3 Bb7 13.Qd2 Nf6 14.Ne5 Qe6 15.f3 
c5 16.Bh6 cxd4 17.cxd4 Nd7 18.Bxg7 Kxg7 19.Nd3 Qd6 20.Rac1 Rfc8 21.Qf4 
Qxf4 22.Nxf4 e6 23.e4 dxe4 24.fxe4 e5 25.Bh3 Rxc1 26.Rxc1 exf4 27.Rc7 Bxe4
28.Rxd7 fxg3 29.hxg3 Bc6 30.Rd6 Be8 31.Kf2 Kf8 32.Rd5 Ke7 33.Re5+ Kd6 34.
Re1 Bc6 35.a3 h5 36.Bf1 Re8 37.Rc1 Bd5 38.Bd3 Rh8 39.Ke3 g5 40.Rf1 h4 41.
Rf6+ Be6 42.gxh4 gxh4 43.Rf2 h3 44.Rh2 Rg8 45.Bf1 Rg3+ 46.Kd2 Kd5 47.Rf2 
Kxd4 48.Rf4+ Ke5 49.Rh4 Rb3 50.Kc2 Rf3 51.Ba6 Rf2+ 52.Kc3 h2 53.Bb7 Bd5 
54.Rh5+ f5 55.Bxd5 Kxd5 56.b4 Ke4 0-1

[Event "79th NED-ch"]
[Site "Utrecht NED"]
[Date "2024.07.07"]
[Round "1.4"]
[White "l`Ami, Erwin"]
[Black "Timman, Jan"]
[Result "1/2-1/2"]
[WhiteElo "2635"]
[BlackElo "2527"]
[EventDate "2024.07.06"]
[PlyCount "73"]

1.d4 Nf6 2.c4 e6 3.Nf3 c5 4.d5 exd5 5.cxd5 d6 6.Nc3 g6 7.Bf4 a6 8.a4 Bg7 
9.e3 Nh5 10.Bg5 Qc7 11.Be2 O-O 12.Nd2 Nf6 13.Nc4 Nbd7 14.Bf4 Ne8 15.Qb3 
Ne5 16.Bxe5 Bxe5 17.Nxe5 dxe5 18.a5 Nd6 19.O-O Bd7 20.Qa3 Bb5 21.Rac1 Rfc8
22.Rfe1 Rab8 23.e4 Bxe2 24.Rxe2 c4 25.Na4 Nb5 26.Qb4 Nd4 27.Re3 f5 28.exf5
Nxf5 29.Rec3 Nd4 30.Rxc4 Qd8 31.Rxc8 Rxc8 32.Rxc8 Qxc8 33.Nc3 Qg4 34.Qe7 
Qf4 35.h3 Qc1+ 36.Kh2 Qf4+ 37.Kg1 1/2-1/2

[Event "79th NED-ch"]
[Site "Utrecht NED"]
[Date "2024.07.06"]
[Round "1.1"]
[White "Bok, Benjamin"]
[Black "Ten Hertog, Hugo"]
[Result "1-0"]
[WhiteElo "2587"]
[BlackElo "2524"]
[EventDate "2024.07.06"]
[PlyCount "51"]

1.c4 e6 2.g3 d5 3.Bg2 Nf6 4.Nf3 dxc4 5.Qa4+ Bd7 6.Qxc4 c5 7.Ne5 Qc8 8.Qd3 
Bc6 9.Nxc6 Nxc6 10.Nc3 Be7 11.b3 O-O 12.Bb2 Rd8 13.Qc2 h5 14.Rd1 h4 15.Ne4
Nd5 16.Rc1 b6 17.O-O Qa6 18.d3 Qxa2 19.Ra1 Ncb4 20.Qd2 Qxb3 21.Rfc1 h3 22.
Bxh3 Nc6 23.Rcb1 Qb4 24.Qd1 Nd4 25.e3 Nf5 26.Be5 1-0

[Event "79th NED-ch"]
[Site "Utrecht NED"]
[Date "2024.07.07"]
[Round "1.2"]
[White "Ten Hertog, Hugo"]
[Black "Bok, Benjamin"]
[Result "0-1"]
[WhiteElo "2524"]
[BlackElo "2587"]
[EventDate "2024.07.06"]
[PlyCount "70"]

1.Nf3 d5 2.g3 g6 3.Bg2 Bg7 4.O-O e5 5.d3 Nc6 6.Nc3 Nge7 7.e4 dxe4 8.dxe4 
O-O 9.Nd5 Nxd5 10.exd5 Nb4 11.Ng5 h6 12.a3 Na6 13.Ne4 f5 14.Nc3 Kh7 15.Be3
Qf6 16.b4 e4 17.Nb5 Qxa1 18.Qxa1 Bxa1 19.Rxa1 Bd7 20.c4 b6 21.Nd4 Rae8 22.
h4 Nb8 23.b5 Bc8 24.Bf4 Rf7 25.a4 Rg8 26.a5 bxa5 27.c5 g5 28.hxg5 hxg5 29.
Be3 Kh6 30.Rxa5 f4 31.Bc1 f3 32.Bf1 Rh7 33.Bb2 Kg6 34.Nc2 Nd7 35.Ne1 Nf6 
0-1

[Event "79th NED-ch"]
[Site "Utrecht NED"]
[Date "2024.07.06"]
[Round "1.1"]
[White "Beerdsen, Thomas"]
[Black "Sokolov, Ivan"]
[Result "1-0"]
[WhiteElo "2510"]
[BlackElo "2589"]
[EventDate "2024.07.06"]
[PlyCount "83"]

1.e4 e5 2.Nf3 Nc6 3.Bb5 a6 4.Ba4 Nf6 5.O-O Be7 6.Re1 b5 7.Bb3 d6 8.c3 O-O 
9.h3 Nb8 10.d4 Nbd7 11.Nbd2 Bb7 12.Bc2 Re8 13.Nf1 Bf8 14.Ng3 g6 15.a4 Bg7 
16.h4 exd4 17.cxd4 c5 18.h5 cxd4 19.Nxd4 bxa4 20.h6 Bh8 21.Bg5 Rc8 22.Bxa4
Rc5 23.Nf3 Qc8 24.Qxd6 Re6 25.Qf4 Rb6 26.Rad1 Nf8 27.Qh4 Rc4 28.b3 Rc3 29.
Nd2 Re6 30.e5 Nd5 31.Nc4 Ba8 32.Ne4 Rc2 33.Ned6 Qb8 34.Qe4 Rxc4 35.Qxc4 
Bxe5 36.Ne4 Nb6 37.Qc2 f6 38.Bc1 Qb7 39.Ba3 Nd5 40.Qc5 Ne7 41.Rd8 Bf4 42.
Qc4 1-0

[Event "79th NED-ch"]
[Site "Utrecht NED"]
[Date "2024.07.07"]
[Round "1.2"]
[White "Sokolov, Ivan"]
[Black "Beerdsen, Thomas"]
[Result "1-0"]
[WhiteElo "2589"]
[BlackElo "2510"]
[EventDate "2024.07.06"]
[PlyCount "57"]

1.d4 d5 2.c4 e6 3.Nf3 Nf6 4.Nc3 Nbd7 5.Bg5 h6 6.Bh4 Be7 7.Qc2 O-O 8.Rd1 b6
9.cxd5 exd5 10.e3 Bb7 11.Bd3 Re8 12.O-O Ne4 13.Nxd5 Bxh4 14.Bxe4 Kh8 15.
Nf6 Bxe4 16.Nxe4 Rc8 17.Nc3 Bf6 18.Nb5 a6 19.Na7 Ra8 20.Nc6 Qc8 21.e4 g6 
22.e5 Bg7 23.Rfe1 a5 24.Rc1 Nf8 25.d5 Qg4 26.h3 Qh5 27.Kh2 g5 28.g4 Qg6 
29.Qf5 1-0

[Event "79th NED-ch"]
[Site "Utrecht NED"]
[Date "2024.07.07"]
[Round "1.3"]
[White "Sokolov, Ivan"]
[Black "Beerdsen, Thomas"]
[Result "1-0"]
[WhiteElo "2589"]
[BlackElo "2510"]
[EventDate "2024.07.06"]
[PlyCount "119"]

1.d4 Nf6 2.c4 g6 3.Nc3 d5 4.Nf3 Bg7 5.e3 O-O 6.cxd5 Nxd5 7.Bc4 Nb6 8.Bb3 
Na6 9.O-O c5 10.h3 Bf5 11.Qe2 cxd4 12.exd4 Nc7 13.Bg5 Ncd5 14.Rfe1 Bf6 15.
Bh6 Re8 16.Ne5 Be6 17.Ne4 Nc7 18.Ng4 Bh8 19.d5 Bxd5 20.Rad1 Qc8 21.Bf4 
Bxb3 22.Nh6+ Kf8 23.axb3 Ne6 24.Be3 Bg7 25.Qf3 Bxh6 26.Bxh6+ Kg8 27.Rc1 
Qb8 28.Nc5 Nxc5 29.Rxc5 Qd6 30.Rce5 Nd7 31.Rd5 Qc6 32.Rc1 Qe6 33.Rdd1 Nf6 
34.Qxb7 Rab8 35.Qxa7 Rxb3 36.Re1 Qd7 37.Qxd7 Nxd7 38.Rc7 Nf6 39.Rcxe7 Reb8
40.Bg5 Nd5 41.Re8+ Rxe8 42.Rxe8+ Kg7 43.Rd8 Nc7 44.Bd2 Ne6 45.Rd5 h5 46.
Bc3+ Kh6 47.Rd7 f5 48.Rd6 Nc5 49.f3 Na4 50.Bd2+ Kg7 51.Rd7+ Kf6 52.Bh6 
Nxb2 53.Bg7+ Ke6 54.Ra7 Nc4 55.Bh6 Kf6 56.h4 Rb1+ 57.Kh2 Ke6 58.Bg5 Rb2 
59.Re7+ Kd5 60.Rd7+ 1-0

[Event "79th NED-ch"]
[Site "Utrecht NED"]
[Date "2024.07.07"]
[Round "1.4"]
[White "Beerdsen, Thomas"]
[Black "Sokolov, Ivan"]
[Result "0-1"]
[WhiteElo "2510"]
[BlackElo "2589"]
[EventDate "2024.07.06"]
[PlyCount "64"]

1.e4 e5 2.Nc3 Nf6 3.f4 d5 4.fxe5 Nxe4 5.Nf3 Bc5 6.d4 Bb4 7.a3 Nxc3 8.Qd2 
Bxa3 9.bxa3 Ne4 10.Qe3 O-O 11.Bd3 c5 12.O-O cxd4 13.Nxd4 Nc6 14.Bb2 Nxe5 
15.Bxe4 dxe4 16.Qxe4 f6 17.Kh1 Re8 18.Rae1 Qb6 19.Qd5+ Be6 20.Nxe6 Qxe6 
21.Qb5 Qc6 22.Qb3+ Nc4 23.Rd1 b5 24.Rd3 Kh8 25.Ba1 Ne5 26.Rh3 Qc4 27.Qb1 
Ng4 28.Rc3 Qe2 29.Rcf3 Rad8 30.Qb4 Ne3 31.Rg1 Rd1 32.Rxe3 Rxg1+ 0-1

[Event "79th NED-ch"]
[Site "Utrecht NED"]
[Date "2024.07.06"]
[Round "1.1"]
[White "Reinderman, Dimitri"]
[Black "Ernst, Sipke"]
[Result "1/2-1/2"]
[WhiteElo "2577"]
[BlackElo "2512"]
[EventDate "2024.07.06"]
[PlyCount "56"]

1.Nf3 Nf6 2.e3 g6 3.d4 Bg7 4.c4 O-O 5.Be2 c5 6.d5 e6 7.Nc3 exd5 8.cxd5 d6 
9.Nd2 Na6 10.O-O Nc7 11.e4 Nfe8 12.a4 f5 13.exf5 Bxf5 14.Nc4 Qf6 15.Be3 
Rd8 16.Qd2 Qf7 17.Rad1 b6 18.Bg5 Bf6 19.Bxf6 Qxf6 20.Nb5 Nxb5 21.axb5 Nc7 
22.Na3 Be4 23.Bc4 Bxg2 24.Kxg2 Qf3+ 25.Kg1 Qg4+ 26.Kh1 Qf3+ 27.Kg1 Qg4+ 
28.Kh1 Qf3+ 1/2-1/2

[Event "79th NED-ch"]
[Site "Utrecht NED"]
[Date "2024.07.07"]
[Round "1.2"]
[White "Ernst, Sipke"]
[Black "Reinderman, Dimitri"]
[Result "0-1"]
[WhiteElo "2512"]
[BlackElo "2577"]
[EventDate "2024.07.06"]
[PlyCount "80"]

1.d4 Nf6 2.Nf3 g6 3.c4 Bg7 4.Nc3 O-O 5.e4 d6 6.Be2 e5 7.O-O Nh5 8.dxe5 
dxe5 9.Bg5 Qxd1 10.Rfxd1 h6 11.Be3 Nf4 12.Kf1 c6 13.Rac1 Na6 14.a3 Nxe2 
15.Kxe2 f5 16.Rd6 f4 17.Bd2 Kf7 18.Na4 g5 19.Bc3 Re8 20.b3 g4 21.Ne1 Bf8 
22.Rd2 b5 23.cxb5 cxb5 24.Nb2 Nc5 25.Bb4 Nxe4 26.Rc7+ Kg6 27.Rdc2 Bxb4 28.
axb4 Be6 29.R2c6 Kf5 30.f3 Nf6 31.Nbd3 Bxb3 32.fxg4+ Nxg4 33.Nf3 Bc4 34.h3
Bxd3+ 35.Kxd3 e4+ 36.Kc3 exf3 37.hxg4+ Ke4 38.gxf3+ Kxf3 39.Rxh6 Rec8 40.
Rc5 Kg2 0-1

[Event "79th NED-ch"]
[Site "Utrecht NED"]
[Date "2024.07.06"]
[Round "1.1"]
[White "Burg, Twan"]
[Black "Van den Doel, Erik"]
[Result "0-1"]
[WhiteElo "2502"]
[BlackElo "2557"]
[EventDate "2024.07.06"]
[PlyCount "58"]

1.e4 e5 2.Nf3 Nc6 3.Bb5 a6 4.Ba4 Nge7 5.O-O Ng6 6.c3 d5 7.d4 dxe4 8.Nxe5 
Nxe5 9.dxe5 Qxd1 10.Rxd1 Bd7 11.Bc2 Nxe5 12.Bxe4 O-O-O 13.Bf4 Ng6 14.Be3 
Bd6 15.Nd2 Bf4 16.Nc4 Bxe3 17.Nxe3 Rhe8 18.Bc2 Nf4 19.h4 g6 20.Rd2 Be6 21.
Rdd1 Rxd1+ 22.Rxd1 Bxa2 23.g3 Nh5 24.b3 Nxg3 25.Nd5 Ne2+ 26.Kf1 c6 27.Nf6 
Re6 28.Ne4 Rxe4 29.Bxe4 Nxc3 0-1

[Event "79th NED-ch"]
[Site "Utrecht NED"]
[Date "2024.07.07"]
[Round "1.2"]
[White "Van den Doel, Erik"]
[Black "Burg, Twan"]
[Result "1-0"]
[WhiteElo "2557"]
[BlackElo "2502"]
[EventDate "2024.07.06"]
[PlyCount "83"]

1.d4 Nf6 2.Nf3 d5 3.Bf4 c5 4.e3 e6 5.Be2 Bd6 6.Bxd6 Qxd6 7.c4 cxd4 8.Nxd4 
O-O 9.O-O Rd8 10.Nc3 dxc4 11.Bxc4 e5 12.Nf3 Qe7 13.Qc2 h6 14.Rfd1 Nc6 15.
Rxd8+ Nxd8 16.Nd5 Nxd5 17.Bxd5 Be6 18.Be4 Rc8 19.Qd3 Qc5 20.h3 Nc6 21.a3 
Rd8 22.Qc2 Qxc2 23.Bxc2 f6 24.Rd1 Rc8 25.Be4 Na5 26.Nh4 Rc7 27.Bf5 Kf7 28.
g4 Bxf5 29.Nxf5 g6 30.Nxh6+ Ke6 31.h4 b5 32.Rd8 Nc6 33.Rg8 Ne7 34.Rb8 a6 
35.Kg2 f5 36.Kg3 Rc2 37.h5 gxh5 38.Rb6+ Kd5 39.gxf5 h4+ 40.Kxh4 Rxf2 41.
Kg3 Rf1 42.Kg2 1-0

[Event "79th NED-ch"]
[Site "Utrecht NED"]
[Date "2024.07.06"]
[Round "1.1"]
[White "Tiviakov, Sergei"]
[Black "Pijpers, Arthur"]
[Result "1/2-1/2"]
[WhiteElo "2519"]
[BlackElo "2460"]
[EventDate "2024.07.06"]
[PlyCount "74"]

1.e4 e6 2.d4 d5 3.Nd2 c5 4.exd5 Qxd5 5.Ngf3 cxd4 6.Bc4 Qd6 7.O-O Nf6 8.Nb3
Nc6 9.Nbxd4 Nxd4 10.Nxd4 Be7 11.b3 O-O 12.Bb2 Qf4 13.Qf3 Qxf3 14.Nxf3 b6 
15.a4 a5 16.Bd4 Bc5 17.Bxc5 bxc5 18.Rfd1 Bb7 19.Ne5 Rfd8 20.Bb5 Nd5 21.Rd3
Nf4 22.Rxd8+ Rxd8 23.Bf1 Be4 24.Nc4 Ra8 25.Rc1 Kf8 26.f3 Bd5 27.Ne5 f6 28.
Nc4 Ke7 29.g3 Bxc4 30.Bxc4 Nd5 31.Kf2 Nb6 32.Bb5 Rd8 33.Ke2 g5 34.c3 Nd5 
35.Bc4 Nb6 36.Bb5 Nd5 37.Bc4 Nb6 1/2-1/2

[Event "79th NED-ch"]
[Site "Utrecht NED"]
[Date "2024.07.07"]
[Round "1.2"]
[White "Pijpers, Arthur"]
[Black "Tiviakov, Sergei"]
[Result "0-1"]
[WhiteElo "2460"]
[BlackElo "2519"]
[EventDate "2024.07.06"]
[PlyCount "90"]

1.e4 e6 2.d4 d5 3.Nc3 dxe4 4.Nxe4 Nd7 5.Nf3 Ngf6 6.Nxf6+ Nxf6 7.Be3 Bd6 8.
Bd3 b6 9.Qe2 Bb7 10.O-O-O O-O 11.Rhe1 Nd5 12.Kb1 Nxe3 13.fxe3 Qe7 14.e4 e5
15.Bc4 Rae8 16.d5 Bc8 17.Bb5 Bd7 18.g4 a6 19.Bxd7 Qxd7 20.Rg1 b5 21.Rd3 
Bc5 22.Rg3 b4 23.Rd1 a5 24.Qc4 Bb6 25.h3 Qd6 26.Nd2 Rb8 27.Rf3 a4 28.Qb5 
a3 29.Nc4 Qg6 30.Rf5 Bd4 31.Qa5 axb2 32.Nxe5 Bxe5 33.Rxe5 Qf6 34.Rf5 Qc3 
35.Rd3 Qe1+ 36.Kxb2 Ra8 37.Qc5 Qxe4 38.d6 cxd6 39.Qd5 Qe7 40.Rf4 Ra4 41.
Qxd6 Qa7 42.Qd5 Ra5 43.Qc4 Ra8 44.Qxb4 Rb8 45.Kc1 g5 0-1

[Event "79th NED-ch"]
[Site "Utrecht NED"]
[Date "2024.07.06"]
[Round "1.1"]
[White "Slagboom, Leandro"]
[Black "Schoppen, Casper"]
[Result "1-0"]
[WhiteElo "2331"]
[BlackElo "2551"]
[EventDate "2024.07.06"]
[PlyCount "55"]

1.e4 c5 2.Nf3 e6 3.c3 Nf6 4.e5 Nd5 5.a3 d6 6.d4 cxd4 7.c4 Nc7 8.Qxd4 Nc6 
9.Qc3 dxe5 10.Nxe5 Nxe5 11.Qxe5 f6 12.Qg3 e5 13.Bd3 g6 14.h4 Ne6 15.Nc3 f5
16.Bg5 Nxg5 17.hxg5 Bg7 18.O-O-O Qe7 19.Nd5 Qc5 20.Rde1 Qd6 21.Nf6+ Bxf6 
22.gxf6 Kf7 23.Rxe5 Qxf6 24.Rhe1 Rd8 25.c5 Kf8 26.Bc4 Bd7 27.Qc3 Ba4 28.b3
1-0

[Event "79th NED-ch"]
[Site "Utrecht NED"]
[Date "2024.07.07"]
[Round "1.2"]
[White "Schoppen, Casper"]
[Black "Slagboom, Leandro"]
[Result "1/2-1/2"]
[WhiteElo "2551"]
[BlackElo "2331"]
[EventDate "2024.07.06"]
[PlyCount "97"]

1.e4 e6 2.d4 d5 3.Nc3 Nf6 4.e5 Nfd7 5.f4 c5 6.Nf3 Nc6 7.Be3 cxd4 8.Nxd4 
Qb6 9.Qd2 Qxb2 10.Rb1 Qa3 11.Bb5 Nxd4 12.Bxd4 a6 13.Bxd7+ Bxd7 14.Rb3 Qe7 
15.Rxb7 Qh4+ 16.g3 Qd8 17.O-O Qc8 18.Rb3 Bc5 19.f5 exf5 20.Nxd5 O-O 21.Rf2
Kh8 22.Bxc5 Qxc5 23.Nb6 Be6 24.Qd6 Rac8 25.Nxc8 Qxc8 26.Rd3 Qa8 27.Rfd2 
Rg8 28.Qd4 Qc6 29.c4 h6 30.Rb2 Rc8 31.Ra3 Qa8 32.c5 a5 33.Rb6 Rd8 34.Rd6 
Rb8 35.Rb6 Rd8 36.Rd6 Rb8 37.c6 Rb1+ 38.Kf2 Kh7 39.Rd3 Qb8 40.a3 Rc1 41.
Kg2 Qb1 42.Rd2 Qb5 43.Rf2 a4 44.h3 Qb3 45.Kh2 Qb1 46.Rf3 Rc2+ 47.Rf2 Rc1 
48.Rf3 Rc2+ 49.Rf2 1/2-1/2

[Event "79th NED-ch"]
[Site "Utrecht NED"]
[Date "2024.07.08"]
[Round "2.1"]
[White "l`Ami, Erwin"]
[Black "Tiviakov, Sergei"]
[Result "1/2-1/2"]
[WhiteElo "2635"]
[BlackElo "2519"]
[EventDate "2024.07.06"]
[PlyCount "85"]

1.d4 Nf6 2.c4 e6 3.Nf3 b6 4.g3 Bb7 5.Bg2 Be7 6.O-O O-O 7.Re1 Na6 8.Nc3 Ne4
9.h4 h6 10.Nxe4 Bxe4 11.Nh2 d5 12.Qa4 Bxg2 13.Kxg2 Nb8 14.Bf4 dxc4 15.Qxc4
Bd6 16.Bxd6 cxd6 17.Rac1 Nd7 18.Qb4 Nf6 19.Rc6 Rc8 20.Qc4 d5 21.Qc2 Ne4 
22.Rc1 Nd6 23.Nf3 f6 24.b3 Qe7 25.Rc7 Rxc7 26.Qxc7 Rf7 27.Qxe7 Rxe7 28.Rc6
Ne8 29.Ne1 Kf7 30.Nd3 Rc7 31.Rxc7+ Nxc7 32.a4 a5 33.h5 b5 34.Nc5 bxa4 35.
bxa4 Na8 36.g4 e5 37.dxe5 fxe5 38.f4 exf4 39.Kf3 Nb6 40.Kxf4 Kf6 41.e3 Nc4
42.Nb3 Nb6 43.Nc5 1/2-1/2

[Event "79th NED-ch"]
[Site "Utrecht NED"]
[Date "2024.07.09"]
[Round "2.2"]
[White "Tiviakov, Sergei"]
[Black "l`Ami, Erwin"]
[Result "1/2-1/2"]
[WhiteElo "2519"]
[BlackElo "2635"]
[EventDate "2024.07.06"]
[PlyCount "81"]

1.e4 e5 2.Nf3 Nc6 3.Bb5 a6 4.Ba4 Nf6 5.d3 b5 6.Bb3 Bc5 7.Nc3 d6 8.Nd5 h6 
9.c3 Be6 10.Nxf6+ Qxf6 11.O-O O-O 12.Bxe6 fxe6 13.b4 Bb6 14.a4 Ne7 15.Be3 
Ng6 16.d4 exd4 17.cxd4 bxa4 18.Rxa4 Nf4 19.Bxf4 Qxf4 20.Qd3 g5 21.e5 Qf5 
22.Qxf5 Rxf5 23.exd6 cxd6 24.h3 h5 25.Rfa1 g4 26.hxg4 hxg4 27.Rxa6 Rb8 28.
Ra8 Rff8 29.Rxb8 Rxb8 30.Ng5 Bxd4 31.Rd1 e5 32.Ne6 Rxb4 33.Nxd4 exd4 34.
Kh2 Kf7 35.Kg3 Ke6 36.Kxg4 Kd5 37.Kf3 Rb3+ 38.Ke2 Ke4 39.f3+ Ke5 40.Rd3 
Rb1 41.Rd1 1/2-1/2

[Event "79th NED-ch"]
[Site "Utrecht NED"]
[Date "2024.07.09"]
[Round "2.3"]
[White "Tiviakov, Sergei"]
[Black "l`Ami, Erwin"]
[Result "0-1"]
[WhiteElo "2519"]
[BlackElo "2635"]
[EventDate "2024.07.06"]
[PlyCount "124"]

1.e4 e5 2.Nf3 Nc6 3.Bb5 a6 4.Ba4 Nf6 5.d3 b5 6.Bb3 Bc5 7.Nc3 d6 8.Nd5 h6 
9.c3 Be6 10.O-O Bxd5 11.exd5 Ne7 12.d4 exd4 13.Nxd4 O-O 14.Qf3 Bxd4 15.
cxd4 Ng6 16.Bd2 a5 17.a3 Qd7 18.Rac1 Nh4 19.Qg3 Ne4 20.Qf4 Rae8 21.Bxa5 g5
22.Qe3 Qg4 23.Qh3 Qxh3 24.gxh3 Nf3+ 25.Kg2 Nfd2 26.Ba2 Nxf1 27.Kxf1 Re7 
28.f3 Nf6 29.Rxc7 Rxc7 30.Bxc7 Rc8 31.Ba5 Rc1+ 32.Be1 Rc2 33.Bc3 Rxh2 34.
Kg1 Rc2 35.Bb3 Re2 36.Bd1 Re8 37.a4 Nxd5 38.Bd2 Ne3 39.Bb3 bxa4 40.Bxa4 
Re7 41.Bc6 Nc4 42.Bc3 Rc7 43.d5 Ra7 44.b3 Ra3 45.Ba4 Ne3 46.Bb4 Ra2 47.
Bxd6 Nxd5 48.Bc5 Nf4 49.Bd7 Rb2 50.b4 Nd3 51.Bf5 Nxc5 52.bxc5 Rb5 53.Be4 
Rxc5 54.Kf2 f5 55.Bd3 f4 56.Be4 Kg7 57.h4 Kf6 58.hxg5+ hxg5 59.Kg2 Rc1 60.
Kh3 Rg1 61.Kh2 Rg3 62.Bb7 Ke5 0-1

[Event "79th NED-ch"]
[Site "Utrecht NED"]
[Date "2024.07.09"]
[Round "2.4"]
[White "l`Ami, Erwin"]
[Black "Tiviakov, Sergei"]
[Result "0-1"]
[WhiteElo "2635"]
[BlackElo "2519"]
[EventDate "2024.07.06"]
[PlyCount "104"]

1.d4 Nf6 2.c4 e6 3.Nf3 b6 4.g3 Bb7 5.Bg2 c6 6.O-O Be7 7.Nc3 d5 8.Nd2 O-O 
9.b3 Na6 10.e4 c5 11.exd5 cxd4 12.Nb5 exd5 13.Nxd4 Nc5 14.Nf5 Qd7 15.Nxe7+
Qxe7 16.Bb2 Rad8 17.Re1 Ne6 18.cxd5 Bxd5 19.Bxd5 Rxd5 20.Qe2 Rfd8 21.Nf3 
Nd7 22.Rad1 Ndc5 23.Rxd5 Rxd5 24.Rd1 Qd7 25.Rxd5 Qxd5 26.Nd4 f6 27.Nxe6 
Nxe6 28.Qc4 Qxc4 29.bxc4 Kf7 30.f3 Ke7 31.Ba3+ Kd7 32.Kf2 Nd4 33.Bb2 Nc6 
34.Ke3 Ke6 35.Bc3 h5 36.Bb2 g5 37.Ke4 g4 38.f4 f5+ 39.Ke3 Ne7 40.a4 Ng6 
41.Bd4 h4 42.Kd3 h3 43.c5 bxc5 44.Bxc5 a6 45.Kc4 Nh8 46.Be3 Nf7 47.Kc5 Nd6
48.a5 Ne4+ 49.Kb6 Kd7 50.Kxa6 Kc8 51.Kb6 Nxg3 52.a6 Kb8 0-1

[Event "79th NED-ch"]
[Site "Utrecht NED"]
[Date "2024.07.09"]
[Round "2.5"]
[White "l`Ami, Erwin"]
[Black "Tiviakov, Sergei"]
[Result "1-0"]
[WhiteElo "2635"]
[BlackElo "2519"]
[EventDate "2024.07.06"]
[PlyCount "91"]

1.d4 Nf6 2.c4 e6 3.Nf3 b6 4.g3 Bb7 5.Bg2 c6 6.O-O Be7 7.b3 d5 8.Bb2 O-O 9.
Nbd2 Nbd7 10.Re1 c5 11.dxc5 Nxc5 12.Ne5 Rc8 13.Rc1 a5 14.Rc2 Qc7 15.Qa1 
dxc4 16.Rxc4 Bxg2 17.Kxg2 b5 18.Rcc1 Qb7+ 19.Nef3 a4 20.Qb1 b4 21.Rc4 axb3
22.axb3 Rfd8 23.Rd1 Rc7 24.Qc2 Rcd7 25.Bxf6 gxf6 26.Kh3 Rd5 27.Rc1 f5 28.
Nf1 Na6 29.Ne3 Rc5 30.Qb2 Rxc4 31.Rxc4 Nc5 32.g4 Ne4 33.gxf5 Nxf2+ 34.Kg2 
Ne4 35.Qe5 Ng5 36.Rg4 f6 37.Qxe6+ Kh8 38.Rxg5 fxg5 39.f6 Bf8 40.Kf2 Qd7 
41.Qe5 Qd6 42.Qxg5 Qc5 43.Ne5 Qc7 44.N3g4 Re8 45.f7 Rd8 46.Qg8# 1-0

[Event "79th NED-ch"]
[Site "Utrecht NED"]
[Date "2024.07.09"]
[Round "2.6"]
[White "Tiviakov, Sergei"]
[Black "l`Ami, Erwin"]
[Result "1-0"]
[WhiteElo "2519"]
[BlackElo "2635"]
[EventDate "2024.07.06"]
[PlyCount "81"]

1.e4 e5 2.Nf3 Nc6 3.Bb5 a6 4.Ba4 Nf6 5.d3 b5 6.Bb3 Bc5 7.Nc3 d6 8.Nd5 h6 
9.c3 Be6 10.O-O Bxd5 11.exd5 Ne7 12.d4 exd4 13.Nxd4 O-O 14.Qf3 Bxd4 15.
cxd4 Ng6 16.g3 Re8 17.Be3 Nh7 18.h4 Nf6 19.Bc2 Nf8 20.Rac1 N8d7 21.Bb3 Nb6
22.Rc6 a5 23.a3 a4 24.Ba2 Rb8 25.Rfc1 Rb7 26.R1c2 Qe7 27.Kg2 Qd8 28.Bd2 
Qe7 29.Ba5 Qd7 30.Rc1 Qe7 31.Bxb6 cxb6 32.Bb1 b4 33.axb4 b5 34.h5 Rbb8 35.
Bd3 Qa7 36.Qf4 Nxd5 37.Qf5 Qxd4 38.Qh7+ Kf8 39.Rc7 Nxc7 40.Rxc7 Qd5+ 41.f3
1-0

[Event "79th NED-ch"]
[Site "Utrecht NED"]
[Date "2024.07.09"]
[Round "2.7"]
[White "l`Ami, Erwin"]
[Black "Tiviakov, Sergei"]
[Result "0-1"]
[WhiteElo "2635"]
[BlackElo "2519"]
[EventDate "2024.07.06"]
[PlyCount "66"]

1.d4 Nf6 2.c4 e6 3.Nf3 b6 4.g3 Bb7 5.Bg2 c6 6.O-O Be7 7.Nc3 d5 8.Ne5 O-O 
9.e4 Na6 10.exd5 cxd5 11.Bg5 Nc7 12.Re1 Rb8 13.Qa4 a6 14.Bxf6 Bxf6 15.Nd7 
b5 16.Nxf6+ Qxf6 17.cxb5 axb5 18.Qb4 Na6 19.Qxb5 Qxd4 20.Qe2 Nc5 21.Red1 
Qb4 22.Rab1 Rfd8 23.a3 Qb3 24.Qe3 Rdc8 25.Rbc1 Na6 26.Rd2 h6 27.h4 Rc7 28.
Re1 Rbc8 29.Kh2 Nc5 30.Qd4 Nd7 31.Qe3 Nf6 32.Bf3 Rxc3 33.bxc3 Rxc3 0-1

[Event "79th NED-ch"]
[Site "Utrecht NED"]
[Date "2024.07.09"]
[Round "2.2"]
[White "Bok, Benjamin"]
[Black "Van den Doel, Erik"]
[Result "1/2-1/2"]
[WhiteElo "2587"]
[BlackElo "2557"]
[EventDate "2024.07.06"]
[PlyCount "84"]

1.d4 d5 2.c4 c6 3.cxd5 cxd5 4.Bf4 Nc6 5.e3 Nf6 6.Nc3 Bg4 7.Qb3 Na5 8.Qa4+ 
Bd7 9.Qc2 Rc8 10.Bd3 e6 11.Nf3 Bb4 12.O-O Nh5 13.Bg5 f6 14.Bxh7 fxg5 15.
Qg6+ Kf8 16.Qxh5 Be8 17.Qg4 Rxh7 18.Nxg5 Rh6 19.Nxe6+ Rxe6 20.Qxe6 Bxc3 
21.Qf5+ Kg8 22.Rac1 Rc6 23.Rxc3 Nc4 24.b3 Rf6 25.Qc2 Nd6 26.Rc1 Rh6 27.Qe2
Qh4 28.h3 Rf6 29.f3 Rg6 30.Kh1 Bd7 31.Qe1 Qh5 32.Kh2 Bxh3 33.gxh3 Qxf3 34.
Rc8+ Nxc8 35.Rxc8+ Kh7 36.Qh4+ Rh6 37.Qg3 Qe2+ 38.Kh1 Qxa2 39.Rc7 Qb1+ 40.
Kh2 Rg6 41.Qh4+ Rh6 42.Qg3 Rg6 1/2-1/2